Đảng cộng sản cầm quyền nội dung và phương thức cầm quyền của Đảng

Сохранить в:
Библиографические подробности
Главный автор: Nguyễn, Văn Huyên (Chủ biên)
Формат:
Опубликовано: Hà Nội Chính trị quốc gia - Sự thật 2011
Редактирование:Tái bản lần thứ nhất
Предметы:
Метки: Добавить метку
Нет меток, Требуется 1-ая метка записи!
Thư viện lưu trữ: Trung tâm Học liệu Lê Vũ Hùng, Trường Đại học Đồng Tháp
LEADER 00891pam a22002298a 4500
001 00030547
005 20171026081025.0
008 130412s2011 ||||||Viesd
020 |c 61000 
041 0 # |a Vie 
082 1 4 |a 324.2597071  |b Đ106C 
100 1 # |a Nguyễn, Văn Huyên  |e Chủ biên 
245 1 0 |c Nguyễn Văn Huyên  |a Đảng cộng sản cầm quyền nội dung và phương thức cầm quyền của Đảng 
250 # # |a Tái bản lần thứ nhất 
260 # # |a Hà Nội  |b Chính trị quốc gia - Sự thật  |c 2011 
300 # # |a 419tr.  |b 21cm 
653 # # |a Việt Nam 
653 # # |a Đảng cầm quyền 
653 # # |a Đảng cộng sản 
852 # # |b Kho mượn  |j 0000400 
910 0 # |a Nguyễn Thị Thanh Nhàn  |d 12/04/2013 
980 # # |a Trung tâm Học liệu Lê Vũ Hùng, Trường Đại học Đồng Tháp